| 000 | 00757nam a2200205 i 4500 | ||
|---|---|---|---|
| 001 | 81187 | ||
| 003 | ES-MaACL | ||
| 005 | 20250902062401.0 | ||
| 007 | t| | ||
| 008 | 041103s1973 sp ||||1| spa d | ||
| 110 | 2 |
_aInformación y Venta (Madrid) _9163577 |
|
| 245 | 1 | 0 |
_aHombres y empresas de España : _b(enciclopedia económica española)... / _cestudio realizado por Inforven, S.A. [director general, Fernando Orca Mateo]. |
| 260 |
_aMadrid : _bCerrillo Cueto, _c1973. |
||
| 300 |
_a2 v. : _bil. ; _c28 cm. |
||
| 505 | 8 | _aContiene: I. Madrid y provincia (1126 p.) - II: Vascongadas (542 p.) | |
| 650 | 7 |
_aEmpresas- _vEnciclopedias _2 _9166213 |
|
| 700 | 1 |
_aOrca Mateo, Fernando. _9163579 |
|
| 852 | 4 |
_aES-MaACL _jG-6879-80 |
|
| 999 |
_c81187 _d81187 |
||